Biografía de Antonin Artaud / (Record no. 36566)

MARC details
000 -LEADER
campo de control de longitud fija 00548nam a2200181 i 4500
001 - NÚMERO DE CONTROL
campo de control 36566
003 - IDENTIFICADOR DE NÚMERO DE CONTROL
campo de control ES-MaACL
005 - FECHA Y HORA DE LA ÚLTIMA TRANSACCIÓN
campo de control 20230906155408.0
007 - CAMPO FIJO DE DESCRIPCIÓN FÍSICA--INFORMACIÓN GENERAL
campo de control de longitud fija t|
008 - DATOS DE LONGITUD FIJA--INFORMACIÓN GENERAL
campo de control de longitud fija 030218s1972 sp ||||1| spa d
100 1# - ENTRADA PRINCIPAL--NOMBRE DE PERSONA
Nombre de persona Brau, Jean-Louis.
9 (RLIN) 31398
245 10 - MENCIÓN DEL TÍTULO
Título Biografía de Antonin Artaud /
Mención de responsabilidad, etc. Jean-Louis Brau ; [traducción: Joaquín Jordá].
260 ## - PUBLICACIÓN, DISTRIBUCIÓN, ETC.
Lugar de publicación, distribución, etc. Barcelona :
Nombre del editor, distribuidor, etc. Anagrama,
Fecha de publicación, distribución, etc. [1972]
300 ## - DESCRIPCIÓN FÍSICA
Extensión 202 p., 6 lám. ;
Dimensiones 20 cm.
600 04 - PUNTO DE ACCESO ADICIONAL DE MATERIA--NOMBRE DE PERSONA
Nombre de persona Artaud, Antonin.
9 (RLIN) 23422
700 1# - ENTRADA AGREGADA--NOMBRE PERSONAL
Nombre de persona Jordá, Joaquín.
9 (RLIN) 66895
852 ## - LOCALIZACIÓN
Ubicación ES-MaACL
Número de control de estantería C-49938
Sublocalización o colección R.85130
Holdings
Estatus retirado Estado de pérdida Estado de daño No para préstamo Biblioteca de origen Biblioteca actual Ubicación en estantería Fecha de adquisición Fuente de adquisición Total de préstamos Signatura topográfica completa Código de barras Visto por última vez Precio de reemplazo Tipo de ítem Koha
        Biblioteca del Ateneo de Madrid Biblioteca del Ateneo de Madrid Depósito 2 17/01/2008     C-49938 1038429 23/02/2023 23/02/2023 Libro impreso